000 00393nam a22001577a 4500
005 20230110094602.0
008 221220b |||||||| |||| 00| 0 eng d
041 _aeng
082 _a622.14-BHA-
100 _aBHASKER ,GOLLA UDAY
_97433
245 _aAPPLIED MINE SURVEYING
260 _aHYDERABAD
_bPLANET PUBLISHING HOUSE
_c2020
300 _a6.14;P.
650 _aMINING
942 _cBK
999 _c8172
_d8170